1262 1747 1581 1962 1530 1315 1889 1473 1049 1454 1169 1786 1719 1432 1318 1495 1308 1952 1818 1837 1037 1189 1870 1509 1875 1860 1167 1870 1153 1566 1010 1052 1304 1207 1919 1469 1195 1881 1321 1984 1353 1239 1489 1406 1411 1115 1033 1741 1172 1458 1992 1046 1586 1252 1317 1102 1079 1190 1451 1211 1568 1284 1494 1939 1972 1757 1324 1150 1731 1817 1639 1718 1260 1286 1505 1574 1825 1675 1882 1986 1009 1818 1546 1243 1371 1324 1979 1728 1951 1951 1512 1528 1382 1656 1816 1118 1383 1158 1904 BCNSPRNW ULIB Ver.6.0+V

เปลี่ยนเป็นภาษาไทย

Change to English
 แสดงรายละเอียดบรรณานุกรม
  กลับหน้าหลัก

Brief Record : Get Marc (ISO 2709) : E-mail record : QR code < ปิดหน้าต่าง
LEADER : 00000nam 2200000uu 4500
001    13399121626
003     ULIB
008    121128s2549||||th 000 0 tha d
020    ^a9749445996
020    ^a9789749445990
060  4 ^aWS110^bศ239ป
100 0  ^aศรียา นิยมธรรม
245 10 ^aปัญหายุ่งยากทางการเรียนรู้ /^cศรียา นิยมธรรม
250    ^aพิมพ์ครั้งที่ 3
260    ^aกรุงเทพฯ :^bภาควิชาการศึกษาพิเศษ คณะศึกษาศาสตร์ มหาวิทยาลัยศรีนครินทรวิโรฒ,^c2549
300    ^a90 หน้า :^bภาพประกอบ ;^c21 ซม.
650  4 ^aพฤติกรรมการเรียน
650  4 ^aเด็กพิเศษ
650  4 ^aเด็กที่มีปัญหาในการเรียนรู้
650  4 ^aการเรียน
650  4 ^aการศึกษาพิเศษ
710 2  ^aมหาวิทยาลัยศรีนครินทรวิโรฒ. ^bคณะศึกษาศาสตร์.^bภาควิชาการศึกษาพิเศษ
945    ^p120^l0^i24879
995    ^aวิภา
999 ^a ทศพร
รายการนี้ยังไม่มีแท็ก
คุณยังไม่ได้ล็อกอิน คุณสามารถมีกิจกรรมร่วมกับเว็บไซต์ได้ แต่ต้องล็อกอินก่อน ::
  ล็อกอิน

รายการสื่อสารสนเทศ

ลำดับที่ ประเภท เลขเรียก/บาร์โค้ด สถานที่ สถานะ
1. วิทยาศาสตร์การแพทย์ และสุขภาพ
วิทยาศาสตร์การแพทย์ และสุขภาพ
WS110 ศ239ป  
  Barcode: 24879
ห้องสมุดวิทยาเขตสวรรค์ประชารักษ์
►หนังสือทั่วไป
บนชั้น

รายการใกล้เคียง
    ผู้แต่ง [ศรียา นิยมธรรม]

    หัวเรื่อง [พฤติกรรมการเรียน]
    หัวเรื่อง [เด็กพิเศษ]
    หัวเรื่อง [เด็กที่มีปัญหาในการเรียนรู้]
    หัวเรื่อง [การเรียน]
    หัวเรื่อง [การศึกษาพิเศษ]

BibComment


ยังไม่เคยถูกคอมเมนท์

คอมเมนท์ทรัพยากรรายการนี้
  คอมเมนท์: ปัญหายุ่งยากทางก..


 Copyright 2026. Bcnsprnw @Library